An economic study of a typical ranching area on the Edwards Plateau of Texas /

Bibliographic Details
Main Author: Youngblood, B. (Bonney), 1881-1959
Other Authors: Cox, Alonzo B. (Alonzo Bettis), 1884-
Format: Government Document Book
Language:English
Published: College Station, Tex. : Texas Agricultural Experiment Stations, 1922.
Series:Bulletin (Texas Agricultural Experiment Station) ; no. 297.
Subjects:

MARC

Tag First Indicator Second Indicator Subfields
LEADER 00000cam a2200000Ia 4500
001 in00001045913
005 20150929091843.0
008 800811s1922 txua b s000 0 eng d
019 |a 13212394 
035 |a (OCoLC)ocm06606686 
035 |a 9 AFL9607AM 
035 |a (OCoLC)6606686  |z (OCoLC)13212394 
040 |a IKM  |c IKM  |d OCL  |d AGL  |d TXX  |d OCL  |d OCLCQ  |d TXA  |d UtOrBLW 
043 |a n-us-tx 
049 |a TXAM 
070 0 |a 100  |b T31S (1) no.297 
072 0 |a E200 
086 |a Z TA245.7 B873 no.297  |2 txdocs 
090 |a F392.E33  |b Y68 1922 
092 |a 976.4879  |b Y88e 
100 1 |a Youngblood, B.  |q (Bonney),  |d 1881-1959. 
245 1 3 |a An economic study of a typical ranching area on the Edwards Plateau of Texas /  |c by B. Youngblood and A.B. Cox. 
264 1 |a College Station, Tex. :  |b Texas Agricultural Experiment Stations,  |c 1922. 
300 |a 437 pages :  |b illustrations ;  |c 23 cm. 
336 |a text  |b txt  |2 rdacontent 
337 |a unmediated  |b n  |2 rdamedia 
338 |a volume  |b nc  |2 rdacarrier 
490 1 |a Bulletin / Texas Agricultural Experiment Station ;  |v no. 297 
500 |a Z, TA245.7, B873, nos. 290-306. 
504 |a Includes bibliographical references (pages 426-437). 
650 0 |a Ranch life  |z Texas. 
650 0 |a Ranches  |z Texas. 
700 1 |a Cox, Alonzo B.  |q (Alonzo Bettis),  |d 1884- 
830 0 |a Bulletin (Texas Agricultural Experiment Station) ;  |v no. 297. 
994 |a C0  |b TXA 
948 |a cataloged  |b h  |c 2009/05/29  |e mansari  |f 10:06:52 am 
999 |a MARS 
999 f f |s a623c7a1-d1e0-3574-889f-a9719bf0ce91  |i daa85e41-8858-340f-a4e8-d208a8355013  |t 0 
952 f f |p normal  |a Texas A&M University  |b College Station  |c Sterling C. Evans Library  |d Evans: Texas Documents (Annex 5th floor)  |t 0  |e Z TA245.7 B873 no.297  |h Superintendent of Documents classification  |i unmediated -- volume  |m A14827976156 
952 f f |p noncirc  |a Texas A&M University  |b College Station  |c Cushing Memorial Library & Archives  |d Cushing: Dykes (Does not check out)  |t 0  |e F392.E33 Y68 1922  |h Library of Congress classification  |i unmediated -- volume  |m A14851712936 
952 f f |p normal  |a Texas A&M University  |b College Station  |c Sterling C. Evans Library  |d Evans: Texas Documents (Annex 5th floor)  |t 0  |e Z TA245.7 B873 no.276-300  |h Superintendent of Documents classification  |i unmediated -- volume  |k no.276-300  |l 1921:Feb-1922:Sept  |m A14816788752 
998 f f |a Z TA245.7 B873 no.276-300  |s 276-300  |t 0  |l Evans: Texas Documents (Annex 5th floor) 
998 f f |a Z TA245.7 B873 no.297  |t 0  |l Evans: Texas Documents (Annex 5th floor) 
998 f f |a F392.E33 Y68 1922  |t 0  |l Cushing: Dykes (Does not check out)